01001 2200289 4500001002100000001002100021005001500042020001800057035002400075040001200099082001600111084001600127090001800143090001600161100002300177245008900200245018400289250001100473260004100484260003900525300004600564504003100610650002500641700001700666850001200683990001600695YOGYA000000000001044YOGYA00000000000104420140822082504 a979-694-233-X 0010-081400000001084 aYOPDYOG 2[22]a352.6 a352.6 Arm S aT 391.2 sau u a352.6 Arm S aARMSTRONG, Michael aukhti muslimah: siapa yang menyuruhmu berjilbabcsaudi arabia, departemen penerangan aStrategic human resource management a guide to action = Manajemen sumber daya manusia stratejik : Panduan praktis untuk bertindakc/ Michael Armstrong ; alih bahasa, Bern Hidayat. aCet.3. ayogyakartabtitian ilahi pressc1997 aJakartabBhuana Ilmu Populerc2010 aviii, 363 hlm.b: ilus.c; 25 cm (2 eks.) aBibliografi : hlm. 344-363 aManajemen personalia aBern Hidayat aYOPDYOG a101085-P/97